[Event "IECG QN.2000.0.00120"]
[Site "IECG email"]
[Date "2000.06.04"]
[Round "?"]
[White "Grand, Jamie"]
[Black "Gallant, Jim"]
[Result "0-1"]
[WhiteElo "800"]
[BlackElo "679"]
[PlyCount "36"]
[EventDate "2000.06.04"]
[EventType "tourn (corr)"]
[EventRounds "6"]
[SourceTitle "Corr 2008"]
[Source "ChessBase"]
[SourceDate "2008.06.24"]
[SourceVersion "1"]
[SourceVersionDate "2008.06.24"]
[SourceQuality "1"]

1. e4 e5 2. Nc3 Nc6 3. Bc4 Nf6 4. d3 Bc5 5. Nge2 d6 6. 0-0 0-0 7. Kh1 Ng4 8. Qe1 Nd4 9. Nxd4 Bxd4 10. f3 Nf6 11. Be3 Bd7 12. f4 Ng4 13. Bxd4 exd4 14. Ne2 Ne3 15. Nxd4 Nxf1 16. Qxf1 c5 17. Nf3 Bg4 18. Nd2 b5 0-1

[Event "IECG QN.2000.0.00120"]
[Site "IECG email"]
[Date "2000.06.04"]
[Round "?"]
[White "Grand, Jamie"]
[Black "Prieto, Carlos"]
[Result "0-1"]
[WhiteElo "800"]
[BlackElo "800"]
[PlyCount "32"]
[EventDate "2000.06.04"]
[EventType "tourn (corr)"]
[EventRounds "6"]
[SourceTitle "Corr 2008"]
[Source "ChessBase"]
[SourceDate "2008.06.24"]
[SourceVersion "1"]
[SourceVersionDate "2008.06.24"]
[SourceQuality "1"]

1. d4 Nf6 2. Bf4 d6 3. Nf3 g6 4. Nc3 Bf5 5. e3 Nbd7 6. Bd3 Bxd3 7. Qxd3 Bg7 8. 0-0 0-0 9. h3 c5 10. Rfe1 Rc8 11. b3 Re8 12. Ne4 Nxe4 13. Qxe4 b5 14. Qb7 b4 15. Qxa7 Nf6 16. dxc5 Rxc5 0-1

[Event "IECG QN.2000.0.00120"]
[Site "IECG email"]
[Date "2000.06.04"]
[Round "?"]
[White "Prieto, Carlos"]
[Black "Grand, Jamie"]
[Result "1-0"]
[WhiteElo "800"]
[BlackElo "800"]
[PlyCount "29"]
[EventDate "2000.06.04"]
[EventType "tourn (corr)"]
[EventRounds "6"]
[SourceTitle "Corr 2008"]
[Source "ChessBase"]
[SourceDate "2008.06.24"]
[SourceVersion "1"]
[SourceVersionDate "2008.06.24"]
[SourceQuality "1"]

1. e4 e5 2. f4 Nf6 3. fxe5 Nxe4 4. Nf3 Ng5 5. c3 Be7 6. d4 Nxf3+ 7. Qxf3 0-0 8. Bd3 d5 9. 0-0 c5 10. Qh5 g6 11. Qf3 Be6 12. Bh6 Re8 13. b3 Qb6 14. c4 Nc6 15. Nc3 1-0